UEFA Euro 1968 Host Cities and Stadiums - Statistics

General Stats
  • This quiz has been taken 31 times
  • The average score is 6 of 6
Answer Stats
Picture Hint Answer % Correct
Italy Napoli
100%
Italy Roma
100%
Italy Firenze
94%
3 games | Capacity: 80.000 Stadio Olimpico
94%
1 game | Capacity: 52.000 Stadio Comunale
88%
1 game | Capacity: 82.000 Stadio San Paolo
88%
No matching quizzes found
Score Distribution
Percent of People with Each Score
Percentile by Number Answered
Your Score History
You have not taken this quiz